000 00311nam a22001337a 4500
008 210301b ||||| |||| 00| 0 eng d
020 _a0138512701
041 _aeng
080 _a338
100 _a53
101 _aMEN
245 _aStrategic Management:An Integrative Perspective
_cHax,C.A
942 _2udc
_cBK
999 _c55340
_d55340